01673nam a2200409 i 450000100060000000300080000600500170001400600190003100700150005000800410006502000260010603500220013204000310015405000210018508000160020608200140022210000350023624501670027126400430043830000410048133600310052233700330055333800430058649000500062950400290067958800830070859001620079165000190095365000280097265500270100070000440102770000430107179700180111483000510113285600630118399900170124679828FINmELB20241217151714.0m o u cr cn|||||||||200620s2011 sp ob 000 0 spa d a9788436837643qe-book a(OCoLC)1160551673 aFINmELBbspaerdacFINmELB14aHQ769bD277 2011 a37.04-053.204a649.12231 aDíaz Sibaja, Miguel Ángel.10aEscuela de padres :beducación positiva para enseñar a tus hijos /cMiguel Ángel Díaz-Sibaja, María Isabel Comeche Moreno, Marta Isabel Díaz García. 1aMadrid :bEdiciones Pirámide,c2011. a1 recurso en línea (154 páginas) atextobtxt2rdacontent/spa acomputadorabc2rdamedia/spa arecurso en líneabcr2rdacarrier/spa1 aColección Ojos solares. Sección Programas aContiene bibliografía. aDescripción basada en metadatos suministrados por el editor y otras fuentes. aRecurso electrónico. Santa Fe, Arg.: elibro, 2019. Disponible vía World Wide Web. El acceso puede estar limitado para las bibliotecas afiliadas a elibro. 0aChild rearing. 4aEducación de niños. 4aLibros electrónicos.1 aComeche Moreno, María Isabel,eautor.1 aDíaz García, Marta Isabel,eautor.2 aelibro, Corp. 0aColección Ojos solares. Sección Programas.40uhttps://elibro.net/ereader/politecnicointernacional/123070 c79828d79828